| 000 | 00878nam a22002055i 4500 | ||
|---|---|---|---|
| 001 | 161113 | ||
| 003 | ES-MaACL | ||
| 005 | 20250930063141.0 | ||
| 008 | 990524s1878 sp |||| | spa d | ||
| 040 |
_aCCPB | B _bspa _cCCPB | B |
||
| 100 | 1 |
_aOrtiz de Zúñiga, Manuel, _d1806-1874? _987610 |
|
| 245 | 1 | 0 |
_aPráctica general forense _b: tratado que comprende la constitución y atribuciones de todos los tribunales y los procedimientos judiciales / _cpor Manuel Ortíz de Zúñiga ; corregida y arreglada a la nueva legislación por Carlos de Sanjuan y Bouvier. |
| 250 | _a8ª ed. | ||
| 260 |
_aMadrid : _b[s.n.], _c1878 ( _fImprenta de José Rodríguez) |
||
| 300 |
_a2 v. ; _c21 cm. |
||
| 650 | 0 | 4 |
_aDerecho procesal- _zEspaña. _911762 |
| 700 | 1 |
_aSanjuan y Bouvier, Carlos. _9132414 |
|
| 852 |
_aES-MaACL _jG-14373-74 _z-- Enc. hol. |
||
| 999 |
_c161113 _d161113 |
||